Word Ladder: Christmas Songs Quiz Stats

Quiz Updated Dec 15, 2014

Challenge
Share
Tweet
Embed
Score 0/44 Timer 05:00
3 Plays Today
Hint 4-Letter Word % Correct
❄ ____ the Hall ❄DECK
95.9%
❄ Baby, It's ____ Outside ❄COLD
95.8%
❄ It’s Beginning to ____ a Lot Like Christmas ❄LOOK
95.4%
❄ Jingle Bell ____ROCK
95.3%
❄ Rudolph the Red-Nosed Rein____DEER
94.8%
Between head and shouldersNECK
94.2%
Apple centerCORE
93.4%
❄ ____ in a Manger ❄AWAY
93.1%
Champagne bottle stopperCORK
93.1%
Chair or benchSEAT
93.1%
Head of collegeDEAN
92.6%
Nat King or NatalieCOLE
92.5%
Police tactical unitSWAT
92.4%
Castle in chessROOK
92.1%
WarmthHEAT
91.9%
Precious metal (Au)GOLD
91.9%
Not shallowDEEP
91.7%
Devoid of lifeDEAD
90.9%
Undulate back and forthSWAY
90.9%
❄ O Little ____ of Bethlehem ❄TOWN
90.7%
Security deviceLOCK
90.4%
Cease motionSTOP
89.8%
Hint 4-Letter Word % Correct
Structure for mooring boatsDOCK
89%
Socially inept personDORK
89%
❄ Boar's ____ Carol ❄HEAD
87.6%
Place where goods are soldSHOP
86.8%
Ooze or leak slowly SEEP
86.7%
To fit an arrow to the bowstring NOCK
86.5%
❄ ____ Into Christmas ❄STEP
84.7%
❄ ____ Child Is This? ❄WHAT
82.6%
Animated flick (abbrev)TOON
81.6%
❄ ____ Christian Men, Rejoice ❄GOOD
81.2%
Bully or thugGOON
78.8%
Lascivious, ogling gazeLEER
78.7%
Onion or garlic relativeLEEK
78.7%
Mark in the skin left by pustulePOCK
77.9%
Take a furtive glancePEEK
77.3%
Quarter of a bushel PECK
76.8%
❄ ____ in Yon Forest ❄DOWN
76.5%
❄ I Saw Three ____s ❄SHIP
72.8%
In Senate, assistant to party leader WHIP
65.5%
The least bit, iotaWHIT
63.7%
'Coming Home' actor BruceDERN
62.7%
Actor Michael as Star Trek's 'Worf'DORN
59.8%

Today's Daily Dose

Word Ladder
KISS Hit

On This Day
January 22nd

You're not logged in!

Compare scores with friends on all Sporcle quizzes.
Sign Up with Email
OR
Log In

You Might Also Like...

Show Comments

Extras

Top Quizzes Today


Score Distribution

Your Account Isn't Verified!

In order to create a playlist on Sporcle, you need to verify the email address you used during registration. Go to your Sporcle Settings to finish the process.